000
00290nam a22001337a 4500
008
210311b ||||| |||| 00| 0 eng d
041
_a
eng
080
_2
7th
_a
32
082
_a
32
100
_a
19
101
_a
SHP
245
_a
Ideals And Ideologies A Reader
_c
Ball,T
942
_2
udc
_c
BK
999
_c
56337
_d
56337